Geochemistry, Groundwater and Pollution / (Record no. 617165)

000 -LEADER
fixed length control field 00532nam a22001817a 4500
003 - CONTROL NUMBER IDENTIFIER
control field NUST
005 - DATE AND TIME OF LATEST TRANSACTION
control field 20260417152925.0
008 - FIXED-LENGTH DATA ELEMENTS--GENERAL INFORMATION
fixed length control field 260417b ||||| |||| 00| 0 eng d
020 ## - INTERNATIONAL STANDARD BOOK NUMBER
International Standard Book Number 978-0415364287
082 ## - DEWEY DECIMAL CLASSIFICATION NUMBER
Classification number 551.49
Author Mark APP
100 ## - MAIN ENTRY--PERSONAL NAME
Personal name C.A.J. Appelo, Dieke Postma.
9 (RLIN) 134194
245 ## - TITLE STATEMENT
Title Geochemistry, Groundwater and Pollution /
Statement of responsibility, etc. C.A.J. Appelo, Dieke Postma.
250 ## - EDITION STATEMENT
Edition statement 2nd Edition
260 ## - PUBLICATION, DISTRIBUTION, ETC.
Place of publication, distribution, etc. Netherland:
Name of publisher, distributor, etc. A.A. Balkema Publishers,
Date of publication, distribution, etc. 2005.
300 ## - PHYSICAL DESCRIPTION
Extent 649 p ;
Dimensions 29.3 cm
563 ## - BINDING INFORMATION
Binding note Paperback
942 ## - ADDED ENTRY ELEMENTS (KOHA)
Source of classification or shelving scheme
Koha item type Book
Holdings
Withdrawn status Lost status Source of classification or shelving scheme Damaged status Not for loan Permanent Location Current Location Date acquired Total Checkouts Full call number Barcode Date last seen Price effective from Koha item type
          Institute of Geographical Information Systems (IGIS) Institute of Geographical Information Systems (IGIS) 04/17/2026   551.49 APP IGIS-327 04/17/2026 04/17/2026 Book
© 2023 Central Library, National University of Sciences and Technology. All Rights Reserved.